Produkt spożywczy na literę "M". - Statystyki

Ogólne statystyki
  • Ten quiz został rozwiązany 45 razy
  • Średni wynik to 7 z 11
Statystyki odpowiedzi
Hint Odpowiedź % Poprawnych
8. Mak
95%
1. Masło
90%
5. Mleko
90%
3. Mąka
88%
10. Mięso
73%
2. Makaron
53%
4. Miód
48%
6. Maślanka
35%
7. Majonez
33%
11. Musztarda
30%
9. Marmolada
23%
Nie znaleziono quizów pasujących do podanych kryteriów
Rozkład punktacji
Procent ludzi z każdym wynikiem
Percentyl według liczby udzielonych odpowiedzi
Twoja historia wyników
Nie rozwiązałeś tego quizu